[Event "Regionalliga SO 0708"]
[Site "Bayern"]
[Date "2008.04.20"]
[Round "9.5"]
[White "Tauber, Rainer"]
[Black "Marchhart, Matthias"]
[Result "0-1"]
[WhiteElo "1977"]
[BlackElo "2092"]
[PlyCount "92"]
[EventDate "2007.10.21"]
[EventType "team-tourn"]
[EventRounds "9"]
[EventCountry "GER"]
[SourceTitle "EXT 2009"]
[Source "ChessBase"]
[SourceDate "2008.11.26"]
[SourceVersion "1"]
[SourceVersionDate "2008.11.26"]
[SourceQuality "1"]
[WhiteTeam "Deggendorf"]
[BlackTeam "Trostberg"]
[WhiteTeamCountry "GER"]
[BlackTeamCountry "GER"]

1. e4 c5 2. c3 d5 3. d3 Nc6 4. Nd2 Nf6 5. Ngf3 Bg4 6. Be2 e6 7. 0-0 Qc7 8. a3 Rd8 9. Qc2 Bd6 10. Re1 0-0 11. b4 dxe4 12. dxe4 Ne5 13. Nxe5 Bxe5 14. h3 Bxe2 15. Rxe2 cxb4 16. axb4 Qxc3 17. Qxc3 Bxc3 18. Rxa7 Rd7 19. b5 Rc8 20. Nb3 h5 21. Bg5 Nh7 22. Be3 Be5 23. g3 Rd1+ 24. Kg2 Rb1 25. Nc5 Rxb5 26. Rd2 Nf6 27. Kf3 Rbxc5 28. Bxc5 Rxc5 29. Rxb7 Rc3+ 30. Kg2 Nxe4 31. Rd8+ Kh7 32. Rxf7 Rc2 33. Rd3 Bf6 34. Rf3 Kg6 35. Rd7 Ng5 36. Rfd3 e5 37. Rd2 Rc4 38. h4 Ne6 39. Ra7 Nd4 40. Raa2 e4 41. Rd1 Nf5 42. Re2 e3 43. fxe3 Rg4 44. e4 Nxg3 45. Ra2 Nxe4+ 46. Kf3 Nc3 0-1

[Event "AUT-chT2W 0708"]
[Site "Austria"]
[Date "2008.02.29"]
[Round "9.4"]
[White "Marchhart, Matthias"]
[Black "Eybl, Alexander"]
[Result "1/2-1/2"]
[WhiteElo "2163"]
[BlackElo "2273"]
[PlyCount "64"]
[EventDate "2007.10.06"]
[EventType "team-tourn"]
[EventRounds "11"]
[EventCountry "AUT"]
[SourceTitle "EXT 2009"]
[Source "ChessBase"]
[SourceDate "2008.11.26"]
[SourceVersion "1"]
[SourceVersionDate "2008.11.26"]
[SourceQuality "1"]
[WhiteTeam "Salzburg Sued"]
[BlackTeam "Woergl"]
[WhiteTeamCountry "AUT"]
[BlackTeamCountry "AUT"]

1. e4 c5 2. Nf3 e6 3. d4 cxd4 4. Nxd4 Qb6 5. Nb3 Qc7 6. c4 Nf6 7. Nc3 Bb4 8. Qc2 d5 9. cxd5 exd5 10. Bb5+ Bd7 11. Bxd7+ Nbxd7 12. exd5 0-0 13. 0-0 Nxd5 14. Qe4 Bxc3 15. Qxd5 Be5 16. f4 Bf6 17. Be3 Bxb2 18. Rab1 Ba3 19. Nd4 Nf6 20. Qxb7 Qxb7 21. Rxb7 Ng4 22. Nc2 Nxe3 23. Nxe3 Bc5 24. Kf2 Rfe8 25. Rb3 Re4 26. Kf3 Ra4 27. Rf2 Rd8 28. Rc2 Bb6 29. Nc4 g6 30. Nxb6 axb6 31. Rxb6 Rd3+ 32. Ke2 Rda3 1/2-1/2

[Event "AUT-chT2W 0708"]
[Site "Austria"]
[Date "2008.01.26"]
[Round "7.4"]
[White "Juergens, Klaus"]
[Black "Marchhart, Matthias"]
[Result "0-1"]
[WhiteElo "2181"]
[BlackElo "2163"]
[PlyCount "54"]
[EventDate "2007.10.06"]
[EventType "team-tourn"]
[EventRounds "11"]
[EventCountry "AUT"]
[SourceTitle "EXT 2009"]
[Source "ChessBase"]
[SourceDate "2008.11.26"]
[SourceVersion "1"]
[SourceVersionDate "2008.11.26"]
[SourceQuality "1"]
[WhiteTeam "Salzburg"]
[BlackTeam "Salzburg Sued"]
[WhiteTeamCountry "AUT"]
[BlackTeamCountry "AUT"]

1. Nf3 d5 2. c4 d4 3. g3 c5 4. b4 cxb4 5. a3 bxa3 6. Bg2 Nc6 7. Bxa3 e5 8. Bxf8 Kxf8 9. d3 Nge7 10. Nbd2 g6 11. 0-0 Kg7 12. Qb3 Qc7 13. Rfb1 b6 14. c5 bxc5 15. Ng5 Rf8 16. Qc4 h6 17. Nge4 Be6 18. Qxc5 Rfd8 19. Nb3 Rab8 20. Ned2 Bd5 21. Bh3 Bxb3 22. Rxb3 Rxb3 23. Nxb3 Rd5 24. Qc4 Qb7 25. Nc5 Qb2 26. Ra2 Qb1+ 27. Kg2 Rxc5 0-1

[Event "AUT-chT2W 0708"]
[Site "Austria"]
[Date "2007.11.18"]
[Round "5.4"]
[White "Webersberger, Johann"]
[Black "Marchhart, Matthias"]
[Result "1-0"]
[WhiteElo "2236"]
[BlackElo "2163"]
[PlyCount "103"]
[EventDate "2007.10.06"]
[EventType "team-tourn"]
[EventRounds "11"]
[EventCountry "AUT"]
[SourceTitle "EXT 2009"]
[Source "ChessBase"]
[SourceDate "2008.11.26"]
[SourceVersion "1"]
[SourceVersionDate "2008.11.26"]
[SourceQuality "1"]
[WhiteTeam "Ranshofen"]
[BlackTeam "Salzburg Sued"]
[WhiteTeamCountry "AUT"]
[BlackTeamCountry "AUT"]

1. Nf3 Nf6 2. c4 c5 3. g3 Nc6 4. Bg2 d5 5. cxd5 Nxd5 6. 0-0 e5 7. d3 Be7 8. Nc3 Be6 9. Bd2 Rc8 10. Qa4 Nb6 11. Qd1 f6 12. Rc1 Qd7 13. Ne4 Nd4 14. Nxd4 cxd4 15. Rxc8+ Qxc8 16. Qa1 Nd7 17. f4 0-0 18. f5 Bd5 19. Rc1 Qa8 20. a3 a5 21. Rc2 Rf7 22. Nd6 Bxg2 23. Rc8+ Qxc8 24. Nxc8 Bh3 25. Nxe7+ Rxe7 26. Qa2+ Kf8 27. Bxa5 b6 28. Bb4 Nc5 29. Qd5 Bxf5 30. Qd6 Kf7 31. Qxb6 Nd7 32. Qd6 Re8 33. a4 Kg6 34. a5 Rb8 35. Kf2 h5 36. e4 Bg4 37. Ke1 Rc8 38. Kd2 Rb8 39. Ba3 Rb3 40. Qd5 Rb8 41. a6 Nb6 42. a7 Re8 43. Qb7 Na8 44. b4 h4 45. b5 hxg3 46. hxg3 Rh8 47. b6 Rh2+ 48. Kc1 Rh1+ 49. Kb2 Rh2+ 50. Kb3 Be6+ 51. Ka4 Rh8 52. Bc5 1-0

[Event "AUT-chT2W 0607"]
[Site "Austria"]
[Date "2007.03.02"]
[Round "9.3"]
[White "Klocker, Benedikt"]
[Black "Marchhart, Matthias"]
[Result "1/2-1/2"]
[WhiteElo "1959"]
[BlackElo "2123"]
[PlyCount "85"]
[EventDate "2006.10.21"]
[EventType "team-tourn"]
[EventRounds "11"]
[EventCountry "AUT"]
[SourceTitle "EXT 2008"]
[Source "ChessBase"]
[SourceDate "2007.11.25"]
[SourceVersion "1"]
[SourceVersionDate "2007.11.25"]
[SourceQuality "1"]

1. e4 c5 2. Nf3 Nc6 3. d4 cxd4 4. Nxd4 Nf6 5. Nc3 e5 6. Ndb5 d6 7. Bg5 a6 8. Bxf6 gxf6 9. Na3 b5 10. Nd5 f5 11. Bd3 Be6 12. 0-0 Bg7 13. Qh5 f4 14. c4 b4 15. Nc2 a5 16. Rad1 Ra7 17. c5 dxc5 18. Bb5 Qc8 19. Qg5 0-0 20. Bxc6 Qxc6 21. Ne7+ Rxe7 22. Qxe7 Qxe4 23. Qxc5 Rc8 24. Qxc8+ Bxc8 25. Rd8+ Bf8 26. Rxc8 Qf5 27. Rc4 Qd3 28. b3 f5 29. Re1 e4 30. Nd4 Qd2 31. Kf1 e3 32. fxe3 fxe3 33. Re2 Qd3 34. Nc2 Bh6 35. Rc8+ Kf7 36. Rc5 Qd1+ 37. Ne1 a4 38. Rxf5+ Kg6 39. Rb5 axb3 40. Rxb4 bxa2 41. Rb6+ Kf7 42. Rxa2 Bf8 43. Rb7+ 1/2-1/2

[Event "AUT-chT2W 0506"]
[Site "Austria"]
[Date "2005.12.03"]
[Round "4"]
[White "Marchhart, Matthias"]
[Black "Duer, Werner"]
[Result "1/2-1/2"]
[WhiteElo "2153"]
[BlackElo "2249"]
[PlyCount "35"]
[EventDate "2005.10.08"]
[EventType "team-tourn"]
[EventRounds "11"]
[EventCountry "AUT"]
[SourceTitle "EXT 2007"]
[Source "ChessBase"]
[SourceDate "2006.11.23"]
[SourceVersion "1"]
[SourceVersionDate "2006.11.23"]
[SourceQuality "1"]
[WhiteTeam "Inter Sbg Sued"]
[BlackTeam "Absam"]
[WhiteTeamCountry "AUT"]
[BlackTeamCountry "AUT"]

1. e4 c6 2. d4 d5 3. e5 Bf5 4. g4 Be4 5. f3 Bg6 6. Ne2 e6 7. Be3 Be7 8. Bf2 Bh4 9. Nd2 Bxf2+ 10. Kxf2 Qh4+ 11. Ng3 h5 12. h3 Nd7 13. f4 Nh6 14. Nf3 Qe7 15. gxh5 Be4 16. Bd3 f5 17. c3 0-0-0 18. Qd2 1/2-1/2

[Event "AUT-chT2W 0405"]
[Site "Austria"]
[Date "2005.01.23"]
[Round "8.6"]
[White "Baerner, Helmut"]
[Black "Marchhart, Matthias"]
[Result "0-1"]
[WhiteElo "2143"]
[BlackElo "2111"]
[PlyCount "134"]
[EventDate "2004.10.16"]
[EventType "team-tourn"]
[EventRounds "11"]
[EventCountry "AUT"]
[SourceTitle "EXT 2005"]
[Source "ChessBase"]
[SourceDate "2004.11.15"]
[SourceVersion "1"]
[SourceVersionDate "2004.11.15"]
[SourceQuality "1"]
[WhiteTeam "Innsbruck"]
[BlackTeam "Mozart"]
[WhiteTeamCountry "AUT"]
[BlackTeamCountry "AUT"]

1. d4 Nf6 2. f4 g6 3. Nf3 Bg7 4. e3 d6 5. Be2 Nbd7 6. 0-0 0-0 7. Bd2 c5 8. c3 Ne4 9. Be1 Ndf6 10. Nbd2 Nxd2 11. Nxd2 Nd5 12. Bf2 cxd4 13. cxd4 Bd7 14. Qb3 Nb6 15. Bf3 d5 16. a4 Bc6 17. a5 Nc8 18. Rfc1 e6 19. a6 Nb6 20. Be2 Qe7 21. Nf3 Rfc8 22. Be1 Bf8 23. Ne5 Ba4 24. Qa2 f6 25. b3 fxe5 26. bxa4 exd4 27. axb7 Qxb7 28. exd4 Rxc1 29. Rxc1 Rc8 30. Rc2 Bg7 31. Bf2 Nd7 32. Bg4 Kf7 33. g3 h5 34. Bf3 Bf6 35. a5 Nb8 36. f5 gxf5 37. Bxh5+ Kg7 38. Rxc8 Qxc8 39. Qb1 Nc6 40. g4 Nxd4 41. gxf5 exf5 42. Kh1 Kh6 43. Bf7 Qd7 44. Qg1 Qxf7 45. Bxd4 Bxd4 46. Qxd4 a6 47. h4 Qe6 48. Qb6 Qg6 49. Qd8 Kh5 50. Qxd5 Kxh4 51. Qd3 Qh5 52. Kg2 Qg4+ 53. Kf2 Qf4+ 54. Ke2 Qe5+ 55. Kf2 Qh2+ 56. Kf1 Qh3+ 57. Qxh3+ Kxh3 58. Kf2 Kg4 59. Kg2 Kf4 60. Kf2 Ke4 61. Ke2 Kd4 62. Kf3 Kc5 63. Kf4 Kb5 64. Kxf5 Kxa5 65. Ke4 Kb4 66. Kd3 Kb3 67. Kd2 Kb2 0-1

[Event "AUT-chT2W 0405"]
[Site "Austria"]
[Date "2004.12.05"]
[Round "5.6"]
[White "Maux, Martin"]
[Black "Marchhart, Matthias"]
[Result "1/2-1/2"]
[WhiteElo "2114"]
[BlackElo "2111"]
[PlyCount "33"]
[EventDate "2004.10.16"]
[EventType "team-tourn"]
[EventRounds "11"]
[EventCountry "AUT"]
[SourceTitle "EXT 2005"]
[Source "ChessBase"]
[SourceDate "2004.11.15"]
[SourceVersion "1"]
[SourceVersionDate "2004.11.15"]
[SourceQuality "1"]
[WhiteTeam "Bregenz"]
[BlackTeam "Mozart"]
[WhiteTeamCountry "AUT"]
[BlackTeamCountry "AUT"]

1. Nf3 Nf6 2. d4 g6 3. g3 Bg7 4. Bg2 0-0 5. 0-0 d5 6. c3 c6 7. Nbd2 Nbd7 8. Qc2 e5 9. dxe5 Ng4 10. e4 dxe4 11. Nxe4 Ndxe5 12. Nxe5 Nxe5 13. Rd1 Qe7 14. Be3 Bg4 15. Bc5 Bxd1 16. Rxd1 Qe6 17. Bxf8 1/2-1/2

[Event "AUT-chT2W 0405"]
[Site "Austria"]
[Date "2004.12.03"]
[Round "3.6"]
[White "Endthaler, Arnold"]
[Black "Marchhart, Matthias"]
[Result "0-1"]
[WhiteElo "2088"]
[BlackElo "2111"]
[PlyCount "60"]
[EventDate "2004.10.16"]
[EventType "team-tourn"]
[EventRounds "11"]
[EventCountry "AUT"]
[SourceTitle "EXT 2005"]
[Source "ChessBase"]
[SourceDate "2004.11.15"]
[SourceVersion "1"]
[SourceVersionDate "2004.11.15"]
[SourceQuality "1"]
[WhiteTeam "Salzburg Wuestenrot"]
[BlackTeam "Mozart"]
[WhiteTeamCountry "AUT"]
[BlackTeamCountry "AUT"]

1. e4 c5 2. Nf3 Nc6 3. d4 cxd4 4. Nxd4 Nf6 5. Nc3 e5 6. Ndb5 d6 7. Bg5 a6 8. Na3 b5 9. Nd5 Be7 10. Bxf6 Bxf6 11. c3 Bg5 12. Nc2 Rb8 13. Bd3 0-0 14. Qe2 Ne7 15. Nxe7+ Qxe7 16. 0-0 g6 17. a4 Qb7 18. axb5 axb5 19. Ra5 Bd7 20. Nb4 Ra8 21. Rxb5 Bxb5 22. Bxb5 Ra5 23. Bc4 Kg7 24. Bd5 Qb6 25. Qg4 Bd8 26. h4 f5 27. Qg3 fxe4 28. h5 Rf4 29. hxg6 Bh4 30. Qh3 Bxf2+ 0-1

[Event "Regionalliga SO 0304"]
[Site "Bayern"]
[Date "2004.04.25"]
[Round "9.4"]
[White "Zach, Andreas"]
[Black "Marchhart, Matthias"]
[Result "1-0"]
[WhiteElo "2234"]
[BlackElo "2059"]
[PlyCount "79"]
[EventDate "2003.10.??"]
[EventType "team-tourn"]
[EventRounds "9"]
[EventCountry "GER"]
[SourceTitle "EXT 2006"]
[Source "ChessBase"]
[SourceDate "2005.11.24"]
[SourceVersion "1"]
[SourceVersionDate "2005.11.24"]
[SourceQuality "1"]
[WhiteTeam "Groebenzell"]
[BlackTeam "Trostberg"]
[WhiteTeamCountry "GER"]
[BlackTeamCountry "GER"]

1. d4 Nf6 2. Nc3 d5 3. Bg5 Bf5 4. e3 e6 5. Bd3 Bxd3 6. cxd3 Be7 7. Qb3 Nbd7 8. Qxb7 Rb8 9. Qxa7 Rxb2 10. Nge2 0-0 11. 0-0 Bd6 12. h3 h6 13. Bf4 Nb6 14. Rab1 Rd2 15. Rfd1 Rxd1+ 16. Nxd1 Bxf4 17. Nxf4 Qd7 18. Qb7 Nc8 19. Nc3 Nd6 20. Qb4 g5 21. Nfe2 Nf5 22. Qc5 c6 23. e4 Nh4 24. a4 Qc7 25. Rb6 Rc8 26. Qb4 dxe4 27. Rb7 Qd8 28. dxe4 c5 29. dxc5 Qd2 30. Qd4 Qxd4 31. Nxd4 Rxc5 32. Ndb5 g4 33. a5 Rc6 34. e5 Nd5 35. Nxd5 exd5 36. hxg4 Ng6 37. Rc7 Nxe5 38. Rxc6 Nxc6 39. a6 Kg7 40. a7 1-0

[Event "Regionalliga SO 0304"]
[Site "Bayern"]
[Date "2003.11.23"]
[Round "3.6"]
[White "Palmi, Herbert"]
[Black "Marchhart, Matthias"]
[Result "1/2-1/2"]
[WhiteElo "1945"]
[BlackElo "2059"]
[PlyCount "150"]
[EventDate "2003.10.??"]
[EventType "team-tourn"]
[EventRounds "9"]
[EventCountry "GER"]
[SourceTitle "EXT 2006"]
[Source "ChessBase"]
[SourceDate "2005.11.24"]
[SourceVersion "1"]
[SourceVersionDate "2005.11.24"]
[SourceQuality "1"]
[WhiteTeam "Bayerwald"]
[BlackTeam "Trostberg"]
[WhiteTeamCountry "GER"]
[BlackTeamCountry "GER"]

1. d4 Nf6 2. Nf3 g6 3. g3 Bg7 4. Bg2 0-0 5. 0-0 d6 6. c4 Nbd7 7. Nc3 e5 8. Bg5 h6 9. Bxf6 Bxf6 10. e3 Bg7 11. b4 f5 12. Qb3 e4 13. Nd2 Kh7 14. f3 exf3 15. Nxf3 Nf6 16. Rad1 Re8 17. Nd5 c6 18. Nxf6+ Qxf6 19. Rd3 Bd7 20. Nd2 Rab8 21. d5 cxd5 22. Bxd5 Qe7 23. b5 Be6 24. Nf3 Bxd5 25. Rxd5 Rbc8 26. Re1 Rc5 27. Qd3 Qe4 28. Qxe4 Rxe4 29. Rxd6 Rexc4 30. b6 Ra4 31. bxa7 Rxa2 32. Rd7 Rxa7 33. Nd4 Re5 34. Nc6 bxc6 35. Rxa7 g5 36. Rc7 f4 37. e4 fxg3 38. hxg3 Kg6 39. Rxc6+ Kh5 40. Kf2 Kg4 41. Rd6 Ra5 42. Re2 h5 43. Rd5 Ra3 44. e5 Rf3+ 45. Kg1 Rxg3+ 46. Rg2 Rxg2+ 47. Kxg2 Kf5 48. e6+ Kxe6 49. Rxg5 Bf8 50. Rxh5 Ba3 51. Kf3 Bb4 52. Ke4 Kd6 53. Rd5+ Kc6 54. Kd4 Bc3+ 55. Kc4 Bb2 56. Rd2 Bc1 57. Rc2 Bf4 58. Rf2 Be5 59. Re2 Kd6 60. Rd2+ Ke6 61. Kc5 Bf4 62. Re2+ Be5 63. Kc6 Kf5 64. Kd5 Bg3 65. Rg2 Kf4 66. Rg1 Bh4 67. Rg7 Bd8 68. Rg8 Be7 69. Re8 Ba3 70. Re2 Kf3 71. Rd2 Bf8 72. Rd3+ Kf4 73. Rd4+ Kf3 74. Re4 Bg7 75. Re7 Ba1 1/2-1/2

[Event "Schwarzach op-A 18th"]
[Site "Salzburg"]
[Date "2003.08.27"]
[Round "5.14"]
[White "Marchhart, Matthias"]
[Black "Hock, Martin"]
[Result "1-0"]
[WhiteElo "2131"]
[BlackElo "2216"]
[PlyCount "109"]
[EventDate "2003.08.23"]
[EventType "swiss"]
[EventRounds "9"]
[EventCountry "AUT"]
[SourceTitle "EXT 2004"]
[Source "ChessBase"]
[SourceDate "2003.11.25"]
[SourceVersion "1"]
[SourceVersionDate "2003.11.25"]
[SourceQuality "1"]

1. e4 e5 2. Nf3 Nc6 3. d4 exd4 4. Bc4 Nf6 5. e5 d5 6. Bb5 Ne4 7. Nxd4 Bd7 8. Bxc6 bxc6 9. 0-0 Be7 10. f3 Nc5 11. Be3 0-0 12. Nd2 Na4 13. b3 Nc3 14. Qe1 c5 15. Ne2 Bb5 16. Nxc3 Bxf1 17. Nxf1 d4 18. Rd1 Qe8 19. Nd5 dxe3 20. Nxc7 Qc6 21. Nxa8 c4 22. Nxe3 cxb3 23. cxb3 Rxa8 24. Nf5 Bf8 25. h3 Qc2 26. Nd6 Rd8 27. Qd2 Qxd2 28. Rxd2 f6 29. f4 g5 30. g3 fxe5 31. fxe5 Bg7 32. Rd5 h6 33. e6 Bf8 34. e7 Bxe7 35. Nf5 Bf6 36. Nxh6+ Kg7 37. Nf5+ Kf7 38. Rxd8 Bxd8 39. Kf2 Ke6 40. g4 Kd5 41. Ke3 Ke5 42. b4 Bb6+ 43. Kd3 Bf2 44. a4 Kf4 45. a5 Be1 46. Kc4 Kf3 47. a6 Kg2 48. b5 Bf2 49. Nd4 Bg3 50. b6 Bb8 51. Nc6 Kxh3 52. Nxb8 Kxg4 53. bxa7 Kh3 54. a8Q g4 55. Qh1+ 1-0

[Event "AUT-ch U18"]
[Site "Zwettl"]
[Date "2003.??.??"]
[Round "1"]
[White "Marchhart, Matthias"]
[Black "Scheidl, Bernhard"]
[Result "1-0"]
[WhiteElo "2050"]
[BlackElo "1685"]
[PlyCount "47"]
[EventDate "2003.??.??"]
[EventType "swiss"]
[EventRounds "7"]
[EventCountry "AUT"]
[SourceTitle "EXT 2007"]
[Source "ChessBase"]
[SourceDate "2006.11.23"]
[SourceVersion "1"]
[SourceVersionDate "2006.11.23"]
[SourceQuality "1"]

1. e4 Nf6 2. e5 Nd5 3. d4 d6 4. Nf3 dxe5 5. Nxe5 Nd7 6. f4 Nxe5 7. fxe5 e6 8. Bd3 c5 9. 0-0 cxd4 10. Qh5 g6 11. Qf3 Qe7 12. Bb5+ Kd8 13. Qxf7 Qxf7 14. Rxf7 Ne3 15. Bxe3 dxe3 16. Nc3 Be7 17. Rd1+ Kc7 18. Rxe7+ Kb8 19. Bd7 Bxd7 20. Rdxd7 a5 21. Rxb7+ Kc8 22. Nb5 Rf8 23. Nd6+ Kd8 24. Rbd7# 1-0